00461nam a2200157Ia 4500008004100000020001800041082001700059100002100076245006100097250000700158260004800165300002300213500001900236600003300255650001500288240925s9999 xx 000 0 und d a9781456819385 a808.0666 HAR aHardesty, Ray E. 0aTechnical and Business Writing for Working Professionals aNA aUnited States:bXlibris Corporationc,2010. a143p.b0fOriginal aIncludes Index aHumanities & Natural Science aLiterature